Histoire générale de l'architecture / (Record no. 162911)

MARC details
000 -LEADER
campo de control de longitud fija 00617nam a22001815i 4500
001 - NÚMERO DE CONTROL
campo de control 162911
003 - IDENTIFICADOR DE NÚMERO DE CONTROL
campo de control ES-MaACL
005 - FECHA Y HORA DE LA ÚLTIMA TRANSACCIÓN
campo de control 20250703063117.0
008 - DATOS DE LONGITUD FIJA--INFORMACIÓN GENERAL
campo de control de longitud fija 010606m18601862fr a |||| | fre d
040 ## - FUENTE DE CATALOGACIÓN
Centro catalogador/agencia de origen CAM
Lengua de catalogación spa
Centro/agencia transcriptor CAM
100 1# - ENTRADA PRINCIPAL--NOMBRE DE PERSONA
Nombre de persona Ramée, Daniel
9 (RLIN) 131586
245 10 - MENCIÓN DEL TÍTULO
Título Histoire générale de l'architecture /
Mención de responsabilidad, etc. par Daniel Ramée.
260 ## - PUBLICACIÓN, DISTRIBUCIÓN, ETC.
Lugar de publicación, distribución, etc. Paris :
Nombre del editor, distribuidor, etc. Amyot,
Fecha de publicación, distribución, etc. 1860-1862 (
Fabricante imprimerie de J. Claye)
300 ## - DESCRIPCIÓN FÍSICA
Extensión 2 v. (552, [3] p.; [4] p., pp. 553-1229) :
Otras características físicas il. ;
Dimensiones 24 cm.
650 #4 - PUNTO DE ACCESO ADICIONAL DE MATERIA--TÉRMINO DE MATERIA
Término de materia o nombre geográfico como elemento de entrada Arquitectura-
Subdivisión de forma Historia
9 (RLIN) 9995
852 ## - LOCALIZACIÓN
Ubicación ES-MaACL
Número de control de estantería G-15720-15721
Nota libre -- Enc. hol.
Holdings
Estatus retirado Estado de pérdida Estado de daño No para préstamo Colección Biblioteca de origen Biblioteca actual Ubicación en estantería Fecha de adquisición Fuente de adquisición Total de préstamos Signatura topográfica completa Código de barras Visto por última vez Precio de reemplazo Tipo de ítem Koha
        Libros del s. XIX Biblioteca del Ateneo de Madrid Biblioteca del Ateneo de Madrid Sala Pecera Planta 3 17/01/2008     G-15720-15721 1170691 23/02/2023 23/02/2023 Libro impreso antiguo